Ansel's pharmaceutical dosage forms and drug delivery systems (Record no. 23948)
[ view plain ]
| 000 -LEADER | |
|---|---|
| fixed length control field | 00505nam a2200181Ia 4500 |
| 008 - FIXED-LENGTH DATA ELEMENTS--GENERAL INFORMATION | |
| fixed length control field | 230917s9999||||xx |||||||||||||| ||und|| |
| 020 ## - ISBN | |
| Price | RS1050 |
| 040 ## - CATALOGING SOURCE | |
| -- | 209770 |
| Original cataloging agency | VIVEKANANDA LIBRARY |
| 041 ## - Language | |
| -- | English |
| 082 ## - DDC NUMBER | |
| Classification number | 615.19 A53A(9) |
| 100 ## - MAIN ENTRY--PERSONAL NAME | |
| Personal name | Allen, Loyd V |
| 245 #0 - TITLE STATEMENT | |
| Title | Ansel's pharmaceutical dosage forms and drug delivery systems |
| 250 ## - EDITION STATEMENT | |
| Edition statement | 9th ed. |
| 260 ## - PUBLICATION, DISTRIBUTION, ETC. (IMPRINT) | |
| Place of publication, distribution, etc | New Delhi |
| Name of publisher, distributor, etc | Wolters Kluwer |
| Date of publication, distribution, etc | 2011 |
| 300 ## - PHYSICAL DESCRIPTION | |
| Pages | viii, 710p p. |
| 500 ## - GENERAL NOTE | |
| General note | 2865 23/08/2013 36390 05/09/2013 Main Budget |
| 942 ## - ADDED ENTRY ELEMENTS (KOHA) | |
| Koha item type | Books |
| Withdrawn status | Lost status | Damaged status | Not for loan | Location (home branch) | Sublocation or collection (holding branch) | Date acquired | Koha issues (times borrowed) | Koha full call number | Accession No. | Koha date last seen | Koha item type |
|---|---|---|---|---|---|---|---|---|---|---|---|
| VIVEKANANDA LIBRARY | VIVEKANANDA LIBRARY | 26/09/2013 | 615.19 A53A(9) | 333553 | 17/09/2023 | Books |
